00289nam a2200109Ia 450000500170000000800410001704100080005810000160006624500420008226000340012430000210015820251223131553.0251219s9999 xx 000 0 und d aeng aWeathervane acomplete works of william shakespeare bRandom House / New Yorkc1975 a1227bHard Bound